00655cam a22002171 4500001001300000003000400013005001700017008004100034010001700075035001900092040002500111042001200136050001700148100003800165245011300203260003000316300002700346504002900373650001800402999001700420med48000871 DLC20260227111610.0750902s1948 moua b 000 0 eng  amed48000871  a(OCoLC)1592213 aDLCcFMUdOCoLCdDLC apremarc00aRC311b.P8721 aPottenger, Francis Marion,d1869-00aTuberculosis,ba discussion of phthisiogenesis, immunology, pathologic physiology, diagnosis, and treatment. aSt. Louis,bMosby,c1948. a597 p.billus.c26 cm. aIncludes bibliographies. 0aTuberculosis. c38942d38942